00472nam a2200109Ia 4500008004100000050002300041100003000064245014700094260008600241300002000327521001500347140724s9999 xx 000 0 und d aBF 637b.T247 2014 aTayoto, Franz Salvador G. aLevels of job satisfaction and work values profile of secondary teachers of Holy Rosary Academy, Las Piñas City /cFranz Salvador G. Tayoto. aLas Piñas, Philippines :bSouthville International School and Colleges,cc2014. a91 p. :c28 cm. aPsychology